Mười sai lầm chết người trong tiếp thị : Các dấu hiệu và giải pháp = Ten deadly marketing sins : Signs and solutions by Philip Kotler
Sách trình bày 10 sai lầm mà các công ty mắc phải trong chiến lược tiếp thị: không nhìn thấu thị trường và đáp ứng nhu cầu khách hàng, không hiểu đầy đủ khách hàng mục tiêu, không xử lý đúng đắn các mối quan hệ,......
Uloženo v:
| Hlavní autor: | |
|---|---|
| Médium: | Kniha |
| Jazyk: | Undetermined |
| Vydáno: |
Hà Nội
Trẻ
2007
|
| Témata: | |
| Tagy: |
Přidat tag
Žádné tagy, Buďte první, kdo otaguje tento záznam!
|
| Thư viện lưu trữ: | Trung tâm Học liệu Trường Đại học Cần Thơ |
|---|
| LEADER | 01170nam a2200229Ia 4500 | ||
|---|---|---|---|
| 001 | CTU_152099 | ||
| 008 | 210402s9999 xx 000 0 und d | ||
| 020 | |c 36000 | ||
| 082 | |a 658.8 | ||
| 082 | |b K87 | ||
| 100 | |a Kotler, Philip | ||
| 245 | 0 | |a Mười sai lầm chết người trong tiếp thị : | |
| 245 | 0 | |b Các dấu hiệu và giải pháp = Ten deadly marketing sins : Signs and solutions by Philip Kotler | |
| 245 | 0 | |c Philip Kotler ; Dương Thủy ( dịch ) | |
| 260 | |a Hà Nội | ||
| 260 | |b Trẻ | ||
| 260 | |c 2007 | ||
| 520 | |a Sách trình bày 10 sai lầm mà các công ty mắc phải trong chiến lược tiếp thị: không nhìn thấu thị trường và đáp ứng nhu cầu khách hàng, không hiểu đầy đủ khách hàng mục tiêu, không xử lý đúng đắn các mối quan hệ,... | ||
| 650 | |a Marketing,Marketing,Tiếp thị,Tiếp thị | ||
| 650 | |x Management,Customer relations,Quản lý tiếp thị,Quan hệ khách hàng | ||
| 904 | |i Kiều Nguyên | ||
| 980 | |a Trung tâm Học liệu Trường Đại học Cần Thơ | ||